000
003130000a22001450004500
003
MACL
040
_a
MACL
090
_c
33957
_d
33955
100
_a
Kanetkar, Yashavant
245
_a
C++ . Net
260
_b
BPB Publications
_c
2002
350
_a
225
650
_a
Computer probraming
942
_c
BOOK
_k
005.133/Kha
999
_c
33601
_d
33601